Využitie pokročilej robotiky v kreatívnom priemysle

Gespeichert in:
Bibliographische Detailangaben
1. Verfasser: Marhita, Andrii (Verfasst von)
Weitere Verfasser: Vachálek, Ján (Betreuung Doktorarbeit)
Format: Manuskript Buch
Sprache:Slowakisch
Veröffentlicht: 2025
Schlagworte:
Online-Zugang:http://is.stuba.sk/zp/portal_zp.pl?podrobnosti=184787
Tags: Tag hinzufügen
Keine Tags, Fügen Sie das erste Tag hinzu!

MARC

LEADER 00000ntm a22000003a 4500
001 stuzp106028
003 SK-STU
005 20250621210618.6
007 ta
008 150427s2015----xo-----f-mn---000-0-slo-d
040 |a STU  |b slo 
041 0 |a slo 
100 1 |a Marhita, Andrii  |u 020020  |4 aut  |U SjF Strojnícka fakulta  |T SjF Ústav automatizácie, informatizácie a merania  |X 128212  |U J0020  |Y 802  |7 128212 
242 0 1 |a Use of Advanced Robotics in the Creative Industry  |y eng 
245 1 0 |a Využitie pokročilej robotiky v kreatívnom priemysle 
260 |c 2025 
650 4 |a kreatívny priemysel  |2 slo 
650 4 |a robotika  |2 slo 
650 4 |a robotické rameno  |2 slo 
650 4 |a virtuálna produkcia  |2 slo 
650 4 |a riadenie pohybu  |2 slo 
650 4 |a nDisplay  |2 slo 
650 4 |a Unreal Engine  |2 slo 
650 4 |a 3D modelovanie  |2 slo 
650 4 |a virtuálne prostredie  |2 slo 
650 4 |a CGI  |2 slo 
650 4 |a robotic arm  |2 eng 
650 4 |a nDisplay  |2 eng 
650 4 |a Unreal Engine  |2 eng 
650 4 |a 3D modeling  |2 eng 
650 4 |a creative industry  |2 eng 
650 4 |a virtual production  |2 eng 
650 4 |a motion control  |2 eng 
650 4 |a virtual environment  |2 eng 
650 4 |a CGI  |2 eng 
700 1 |a Vachálek, Ján  |u 020020  |k Z1  |4 ths  |U SjF Strojnícka fakulta  |T SjF Ústav automatizácie, informatizácie a merania  |X 2232  |U J0020  |Y 802  |7 A000002232 
856 4 |u http://is.stuba.sk/zp/portal_zp.pl?podrobnosti=184787